|
|
|
|
| LEADER |
01236nam a22003251 4500 |
| 001 |
37906 |
| 003 |
BD-DhAAL |
| 005 |
20220303130049.0 |
| 008 |
220303t1961 ii bi 001 0 eng d |
| 999 |
|
|
|c 43648
|d 43648
|
| 010 |
|
|
|a 62001299
|
| 035 |
|
|
|a (OCoLC)3286769
|
| 040 |
|
|
|a DLC
|c OTU
|d ICRL
|d DLC
|d BD-DhAAL
|
| 042 |
|
|
|a premarc
|
| 043 |
|
|
|a a-ii---
|
| 050 |
0 |
0 |
|a DS463
|b .C35
|
| 082 |
|
|
|a 954
|2 23
|
| 100 |
1 |
|
|a Chand, Tara,
|d 1888-1973.
|9 46362
|
| 245 |
1 |
0 |
|a History of the freedom movement in India /
|c Tara Chand ; Foreword by Humayun Kabir.
|
| 260 |
|
|
|a Delhi :
|b Publications Division, Ministry of Information and Broadcasting,
|c c1961.
|
| 300 |
|
|
|a xiii, 400 pages ;
|c 25 cm.
|
| 362 |
|
|
|a Vol. 1
|
| 500 |
|
|
|a Errata slip inserted in v. 1.
|
| 504 |
|
|
|a Includes bibliographical references and Index.
|
| 541 |
|
|
|a Donated by Akbar Ali Khan
|e 37906
|
| 651 |
|
0 |
|a India
|x History.
|9 46363
|
| 700 |
|
|
|a Kabir, Humayun
|9 46364
|
| 852 |
|
|
|a Ayesha Abed Library
|c Akbar Ali Khan Collection
|
| 942 |
|
|
|2 ddc
|c BK
|
| 952 |
|
|
|0 0
|1 0
|2 ddc
|4 0
|6 954_000000000000000_CHA
|7 0
|9 69977
|a BRACUL
|b BRACUL
|c AAKC
|d 2022-03-03
|e Donated by Akbar Ali Khan
|l 0
|o 954 CHA
|p 3010037906
|r 2022-03-03
|t 1
|w 2022-03-03
|y BK
|x Transferred from BIED to General Stacks
|